Normal view
MARC view
- اللغة العربية- دراسة وتعليم-مؤتمرات-مجمع اللغة العربية الاردني-موسم ثقافي-مؤتمرات
Entry Topical Term
001 - CONTROL NUMBER
- control field: 59514
003 - CONTROL NUMBER IDENTIFIER
- control field: JO-AjAnu
005 - DATE AND TIME OF LATEST TRANSACTION
- control field: 20230606083730.0
008 - FIXED-LENGTH DATA ELEMENTS
- fixed length control field: 230606|| aca||aabn | a|a d
040 ## - CATALOGING SOURCE
- Original cataloging agency: JO-AjAnu
- Transcribing agency: JO-AjAnu
150 ## - HEADING--TOPICAL TERM
- Topical term or geographic name entry element: اللغة العربية- دراسة وتعليم-مؤتمرات-مجمع اللغة العربية الاردني-موسم ثقافي-مؤتمرات
670 ## - SOURCE DATA FOUND
- Source citation: Work cat.: (JO-AjAnu)30353: مجمع اللغة العربية الأردني موسم (36 : 2019: عمان-الاردن), author 59513, الموسم الثقافي السادس والثلاثون لمجمع اللغة العربية الأردني :اللغة العربية والنهوض بالأمة 13 ربيع الاول - 10 ربيع الثاني الآخرهجري 21 تشرين الثاني-18 كانون الاول 2018م